00657cam a2200217 ib45000010008000000030007000080050017000150080041000320200038000730400031001110420009001420840021001511000014001722450042001862500011002282600097002393000030003364900024003666500025003908300024004152445959YEEZEN20250701144349.0240523s2024 ch a g 000 0 chi d a9786267296462q(平裝) :cNT$280 aTCPLbchicTCPLdTCPLeccr anbic a410.16192ncsclt1 a施義雄10a盡信醫不如無醫 /c施義雄著 a初版 a新北市板橋區 :b華夏出版 ; a新北市中和區 :b貿騰發賣總經銷,c2024.02 a170面 :b圖 ;c21公分1 aSunny文庫 ;v318. 7a醫學倫理2lcstt. 0aSunny文庫 ;v318.